| 000 | 01095nam a2200241Ia 4500 | ||
|---|---|---|---|
| 999 |
_c3890 _d3890 |
||
| 003 | OSt | ||
| 005 | 20200423130221.0 | ||
| 008 | 191128s2016 ck ao gr 000 0 spa d | ||
| 020 | _a9789587311631 | ||
| 040 |
_aCO-JMCR _cCO-JMCR |
||
| 041 | 0 | _aspa | |
| 082 | 0 | 4 |
_a303.69 / _bC172c |
| 100 | 1 |
_aCamargo Asis, Carlos Ernesto, _e autor _93431 |
|
| 245 | 1 | 0 |
_aCaminos de paz: _bestudio comparado sobre las doiversas negociaciones de conflictos a nivel mundial, medio siglo de experiencias y una mirada al caso colombiano / _cCarlos Camargo Assis |
| 260 |
_aMedellín : _bBiblioteca Jurídica Diké, _c2016 |
||
| 300 |
_a222 páginas : _b fotografías en blanco y negro ; _c24 cm. |
||
| 500 | _aExlibris : nota con bolígrafo. | ||
| 505 | _aEl calvo, la peinilla y el ombligo -- Presentación -- Prefacio -- Proceso de paz exitoso -- Conversaciones interrumpidas -- Finalizados sin acuerdo -- Activos -- Victoria militar | ||
| 650 | 1 | 4 |
_aCuerdo de paz _zColombia _93432 |
| 650 | 2 | 4 |
_aConflictos internacionales _zColombia _93433 |
| 650 | 2 | 4 |
_a Proceso de paz _zColombia _93434 |
| 942 |
_2ddc _cBK |
||